[Event "Nizhnij Novgorod Dubinin Memorial 18th"]
[Site "Nizhnij Novgorod"]
[Date "2011.01.03"]
[Round "?"]
[White "Klykov, Viacheslav"]
[Black "Lunin, Egor"]
[Result "1-0"]
[WhiteElo "1794"]
[BlackElo "2064"]
[PlyCount "31"]
[EventDate "2011.01.03"]
[EventType "swiss"]
[EventRounds "9"]
[EventCountry "RUS"]
[SourceTitle "EXT 2012"]
[Source "ChessBase"]
[SourceDate "2011.11.24"]
[SourceVersion "1"]
[SourceVersionDate "2011.11.24"]
[SourceQuality "1"]

1. e4 c5 2. Nf3 d6 3. d4 cxd4 4. Nxd4 Nf6 5. Nc3 g6 6. Bd3 Bg7 7. 0-0 0-0 8. Bg5 Nc6 9. Nxc6 bxc6 10. f4 Qb6+ 11. Kh1 Qxb2 12. Qe1 Qb6 13. e5 dxe5 14. fxe5 Nd5 15. Nxd5 cxd5 16. Bxe7 1-0

[Event "Nizhnij Novgorod Dubinin Memorial 18th"]
[Site "Nizhnij Novgorod"]
[Date "2011.01.03"]
[Round "?"]
[White "Kolesnikov, Lev"]
[Black "Lunin, Egor"]
[Result "1-0"]
[WhiteElo "1750"]
[BlackElo "2064"]
[PlyCount "31"]
[EventDate "2011.01.03"]
[EventType "swiss"]
[EventRounds "9"]
[EventCountry "RUS"]
[SourceTitle "EXT 2012"]
[Source "ChessBase"]
[SourceDate "2011.11.24"]
[SourceVersion "1"]
[SourceVersionDate "2011.11.24"]
[SourceQuality "1"]

1. e4 g6 2. d4 d6 3. Nf3 Bg7 4. c4 Nf6 5. Nc3 0-0 6. Be2 c5 7. d5 Nbd7 8. 0-0 Ng4 9. h3 Nge5 10. Nd2 Nb6 11. f4 Ned7 12. Qc2 e6 13. Nb5 Nb8 14. a4 a6 15. Nc3 exd5 16. cxd5 1-0

[Event "Nizhnij Novgorod Dubinin Memorial 18th"]
[Site "Nizhnij Novgorod"]
[Date "2011.01.03"]
[Round "?"]
[White "Lunin, Egor"]
[Black "Akhmetov, Alexandr Ol"]
[Result "1-0"]
[WhiteElo "2064"]
[BlackElo "2311"]
[PlyCount "31"]
[EventDate "2011.01.03"]
[EventType "swiss"]
[EventRounds "9"]
[EventCountry "RUS"]
[SourceTitle "EXT 2012"]
[Source "ChessBase"]
[SourceDate "2011.11.24"]
[SourceVersion "1"]
[SourceVersionDate "2011.11.24"]
[SourceQuality "1"]

1. e4 e5 2. Nf3 Nf6 3. d4 exd4 4. Bd3 Bc5 5. 0-0 0-0 6. Bg5 h6 7. Bh4 Nc6 8. e5 g5 9. exf6 gxh4 10. Nxh4 Qxf6 11. Qg4+ Qg7 12. Qe4 d6 13. f4 Bd7 14. Nf5 Bxf5 15. Qxf5 Ne7 16. Qh5 1-0

[Event "Nizhnij Novgorod Dubinin Memorial 18th"]
[Site "Nizhnij Novgorod"]
[Date "2011.01.03"]
[Round "?"]
[White "Lunin, Egor"]
[Black "Vorontsov, Anatoly"]
[Result "1-0"]
[WhiteElo "2064"]
[BlackElo "2005"]
[PlyCount "35"]
[EventDate "2011.01.03"]
[EventType "swiss"]
[EventRounds "9"]
[EventCountry "RUS"]
[SourceTitle "EXT 2012"]
[Source "ChessBase"]
[SourceDate "2011.11.24"]
[SourceVersion "1"]
[SourceVersionDate "2011.11.24"]
[SourceQuality "1"]

1. e4 c5 2. d3 Nc6 3. g3 d5 4. Nd2 Nf6 5. Bg2 e5 6. Ngf3 Bg4 7. 0-0 Be7 8. Re1 0-0 9. c3 Qd7 10. exd5 Nxd5 11. Nc4 Bf6 12. Qc2 Rfe8 13. a4 Rad8 14. Ng5 Nc7 15. Ne4 Be7 16. Be3 Ne6 17. f3 Bh5 18. Rad1 1-0

[Event "Riazan Region-ch FL"]
[Site "Riazan"]
[Date "2011.01.02"]
[Round "?"]
[White "Lunin, Egor"]
[Black "Pavlov, Alexandr"]
[Result "1-0"]
[WhiteElo "2064"]
[BlackElo "1933"]
[PlyCount "57"]
[EventDate "2011.01.02"]
[EventType "swiss"]
[EventRounds "9"]
[EventCountry "RUS"]
[SourceTitle "EXT 2022"]
[Source "ChessBase"]
[SourceDate "2021.10.06"]
[SourceVersion "1"]
[SourceVersionDate "2021.10.06"]
[SourceQuality "1"]

1. d4 Nf6 2. Nf3 d5 3. b3 Bf5 4. Bb2 e6 5. e3 h6 6. Nbd2 Be7 7. Ne5 Nbd7 8. Bd3 Nxe5 9. Bxf5 exf5 10. dxe5 Ne4 11. Nxe4 dxe4 12. Qe2 c6 13. 0-0 0-0 14. Rad1 Qc7 15. g4 Qc8 16. h3 Qe6 17. Kh2 Rfd8 18. Rg1 Rxd1 19. Rxd1 Rd8 20. c4 Rxd1 21. Qxd1 c5 22. Kg3 Kh7 23. Qd5 b6 24. Qd1 f6 25. Qd5 Qxd5 26. cxd5 fxe5 27. Bxe5 g6 28. Bc7 Kg7 29. d6 1-0

[Event "Riazan Region-ch"]
[Site "Riazan"]
[Date "2010.10.??"]
[Round "1"]
[White "Laevsky, Evgeniy"]
[Black "Lunin, Egor"]
[Result "1/2-1/2"]
[WhiteElo "2100"]
[BlackElo "2089"]
[PlyCount "30"]
[EventDate "2010.10.16"]
[EventType "tourn"]
[EventRounds "13"]
[EventCountry "RUS"]
[SourceTitle "EXT 2013"]
[Source "ChessBase"]
[SourceDate "2012.11.22"]
[SourceVersion "1"]
[SourceVersionDate "2012.11.22"]
[SourceQuality "1"]

1. e4 g6 2. d4 d6 3. Nc3 Bg7 4. Nf3 c6 5. h3 b5 6. a3 a6 7. Be2 Nf6 8. 0-0 0-0 9. Be3 Bb7 10. Qd2 Re8 11. Rad1 Qc7 12. e5 Nd5 13. Nxd5 cxd5 14. Bf4 dxe5 15. Nxe5 Qb6 1/2-1/2

[Event "Riazan Region-ch"]
[Site "Riazan"]
[Date "2010.10.??"]
[Round "8"]
[White "Lepeshkin, Nikita"]
[Black "Lunin, Egor"]
[Result "1/2-1/2"]
[WhiteElo "1788"]
[BlackElo "2089"]
[PlyCount "34"]
[EventDate "2010.10.16"]
[EventType "tourn"]
[EventRounds "13"]
[EventCountry "RUS"]
[SourceTitle "EXT 2013"]
[Source "ChessBase"]
[SourceDate "2012.11.22"]
[SourceVersion "1"]
[SourceVersionDate "2012.11.22"]
[SourceQuality "1"]

1. e4 d6 2. d4 g6 3. c4 Bg7 4. Nf3 Nc6 5. Nc3 e5 6. dxe5 Nxe5 7. Nxe5 dxe5 8. Qxd8+ Kxd8 9. Bg5+ f6 10. Be3 c6 11. Be2 Be6 12. 0-0-0+ Kc7 13. Rd2 Ne7 14. Rhd1 b6 15. b3 Rhd8 16. Rxd8 Rxd8 17. Rxd8 Kxd8 1/2-1/2

[Event "Riazan-ch"]
[Site "Riazan"]
[Date "2010.04.??"]
[Round "?"]
[White "Lunin, Egor"]
[Black "Solonin, Igor"]
[Result "0-1"]
[WhiteElo "2077"]
[BlackElo "2136"]
[PlyCount "68"]
[EventDate "2010.04.??"]
[EventType "swiss"]
[EventRounds "11"]
[EventCountry "RUS"]
[SourceTitle "EXT 2011"]
[Source "ChessBase"]
[SourceDate "2010.11.26"]
[SourceVersion "1"]
[SourceVersionDate "2010.11.26"]
[SourceQuality "1"]

1. d4 d5 2. e3 Nf6 3. c4 c6 4. Nc3 a6 5. Bd3 b5 6. c5 a5 7. a3 g6 8. f4 Bg4 9. Nf3 Bg7 10. h3 Bxf3 11. Qxf3 0-0 12. 0-0 Nfd7 13. g4 Na6 14. Ne2 e5 15. fxe5 Naxc5 16. Bc2 Ne6 17. Bd2 Nb6 18. a4 Nc4 19. Bc1 f6 20. Qg2 fxe5 21. Rxf8+ Nxf8 22. axb5 cxb5 23. b3 Nb6 24. dxe5 Bxe5 25. Nd4 Qd6 26. Ra2 Bxd4 27. exd4 Ne6 28. Be3 Nf4 29. Qh2 Rf8 30. Bd1 Qb4 31. Rd2 g5 32. h4 Qc3 33. Qg3 gxh4 34. Bxf4 hxg3 0-1

[Event "Riazan-ch"]
[Site "Riazan"]
[Date "2010.04.??"]
[Round "?"]
[White "Sudakov, Sergey"]
[Black "Lunin, Egor"]
[Result "0-1"]
[WhiteElo "2086"]
[BlackElo "2077"]
[PlyCount "68"]
[EventDate "2010.04.??"]
[EventType "swiss"]
[EventRounds "11"]
[EventCountry "RUS"]
[SourceTitle "EXT 2011"]
[Source "ChessBase"]
[SourceDate "2010.11.26"]
[SourceVersion "1"]
[SourceVersionDate "2010.11.26"]
[SourceQuality "1"]

1. e4 d6 2. d4 g6 3. c4 Bg7 4. f4 c5 5. d5 Nh6 6. Nf3 f6 7. Be2 Nf7 8. 0-0 0-0 9. Nc3 Na6 10. Be3 Nc7 11. Qd2 Re8 12. Rf2 Bd7 13. Raf1 a6 14. Kh1 b5 15. b3 b4 16. Nd1 e6 17. dxe6 Bxe6 18. f5 gxf5 19. exf5 Bc8 20. Nh4 Bb7 21. Bh5 Rf8 22. Bf4 d5 23. cxd5 Nxd5 24. Bxf7+ Rxf7 25. Bg3 a5 26. Re1 Re7 27. Rfe2 Rxe2 28. Qxe2 Bf8 29. Qe6+ Kh8 30. Qf7 Bc6 31. Re4 Nf4 32. Nf2 Bxe4 33. Bxf4 Qe8 34. Qxf6+ Bg7 0-1

[Event "Riazan Region-ch 1League"]
[Site "Riazan"]
[Date "2010.01.??"]
[Round "?"]
[White "Lunin, Egor"]
[Black "Madorsky, Felix"]
[Result "1-0"]
[WhiteElo "2077"]
[BlackElo "2112"]
[PlyCount "79"]
[EventDate "2010.01.??"]
[EventType "swiss"]
[EventRounds "9"]
[EventCountry "RUS"]
[SourceTitle "EXT 2012"]
[Source "ChessBase"]
[SourceDate "2011.11.24"]
[SourceVersion "1"]
[SourceVersionDate "2011.11.24"]
[SourceQuality "1"]

1. d4 f5 2. g4 fxg4 3. e4 d6 4. Nc3 Nf6 5. Bg5 c6 6. Be2 Qa5 7. Bxf6 exf6 8. Bxg4 Bxg4 9. Qxg4 Nd7 10. Qe6+ Be7 11. f4 Qh5 12. Nge2 Qf7 13. Qg4 0-0-0 14. 0-0-0 Kb8 15. d5 c5 16. Qe6 Qe8 17. h4 g5 18. h5 Nf8 19. Qf5 Rg8 20. Rdg1 Rh8 21. e5 fxe5 22. fxe5 h6 23. e6 Nh7 24. Ne4 Qa4 25. N2c3 Qd4 26. Qf7 Rde8 27. Rf1 b5 28. Qf2 Qc4 29. Qg3 Ref8 30. Rxf8+ Rxf8 31. Nxd6 Qf4+ 32. Qxf4 gxf4 33. Ndxb5 a6 34. Na3 f3 35. Ne4 f2 36. Rf1 Bh4 37. d6 Kc8 38. e7 Rg8 39. Kd2 Kd7 40. Nc4 1-0

[Event "Riazan Region-ch 1League"]
[Site "Riazan"]
[Date "2010.01.??"]
[Round "?"]
[White "Lunin, Egor"]
[Black "Solomatin, Vladimir"]
[Result "0-1"]
[WhiteElo "2077"]
[BlackElo "2333"]
[PlyCount "66"]
[EventDate "2010.01.??"]
[EventType "swiss"]
[EventRounds "9"]
[EventCountry "RUS"]
[SourceTitle "EXT 2012"]
[Source "ChessBase"]
[SourceDate "2011.11.24"]
[SourceVersion "1"]
[SourceVersionDate "2011.11.24"]
[SourceQuality "1"]

1. d4 Nf6 2. Nf3 g6 3. c4 Bg7 4. g3 c5 5. d5 0-0 6. Bg2 b5 7. 0-0 Bb7 8. Nfd2 d6 9. Nc3 bxc4 10. Nxc4 Ba6 11. Nd2 Nbd7 12. Re1 Rb8 13. h3 e5 14. e4 Ne8 15. Bf1 Bxf1 16. Nxf1 f5 17. f3 Qf6 18. Qe2 h5 19. Nh2 f4 20. g4 Qh4 21. Qf2 Qxh3 22. Ne2 hxg4 23. Nxg4 Nef6 24. Nxf6+ Bxf6 25. Qg2 Qh5 26. Nc3 Bh4 27. Re2 Bg3 28. b3 Nf6 29. Bd2 Nh7 30. Qh1 Ng5 31. Rf1 Rb7 32. Be1 Nh3+ 33. Kg2 Rh7 0-1

[Event "Riazan Region-ch 1League"]
[Site "Riazan"]
[Date "2010.01.??"]
[Round "?"]
[White "Lunin, Egor"]
[Black "Zuev, Yaroslav"]
[Result "1/2-1/2"]
[WhiteElo "2077"]
[BlackElo "2038"]
[PlyCount "62"]
[EventDate "2010.01.??"]
[EventType "swiss"]
[EventRounds "9"]
[EventCountry "RUS"]
[SourceTitle "EXT 2012"]
[Source "ChessBase"]
[SourceDate "2011.11.24"]
[SourceVersion "1"]
[SourceVersionDate "2011.11.24"]
[SourceQuality "1"]

1. d4 d5 2. e3 Nf6 3. c4 Bf5 4. Nc3 e6 5. c5 Be7 6. b4 c6 7. a4 a6 8. Bd2 0-0 9. Nf3 Ne4 10. Nxe4 Bxe4 11. Bc3 Nd7 12. Nd2 Bg6 13. Be2 Bf6 14. f4 Bh4+ 15. g3 Be7 16. 0-0 Nf6 17. b5 axb5 18. axb5 Ne4 19. Nxe4 Bxe4 20. b6 Rxa1 21. Qxa1 Qb8 22. Qa7 Qc8 23. h3 e5 24. Kh2 exf4 25. exf4 h5 26. Re1 Re8 27. Qa2 Bf5 28. Bf1 Bf6 29. Rxe8+ Qxe8 30. Qe2 Qa8 31. Qd2 Qb8 1/2-1/2

[Event "Riazan Region-ch 1League"]
[Site "Riazan"]
[Date "2009.05.??"]
[Round "?"]
[White "Sychov, Mikhail"]
[Black "Lunin, Egor"]
[Result "1/2-1/2"]
[WhiteElo "2031"]
[BlackElo "2082"]
[PlyCount "50"]
[EventDate "2009.05.??"]
[EventType "swiss"]
[EventRounds "11"]
[EventCountry "RUS"]
[SourceTitle "EXT 2012"]
[Source "ChessBase"]
[SourceDate "2011.11.24"]
[SourceVersion "1"]
[SourceVersionDate "2011.11.24"]
[SourceQuality "1"]

1. d4 g6 2. c4 Bg7 3. Nc3 d6 4. Nf3 b6 5. e4 Bb7 6. Be2 Nf6 7. Qc2 0-0 8. 0-0 c5 9. d5 Na6 10. a3 Nc7 11. h3 Bc8 12. Be3 h6 13. Qd2 Kh7 14. Nh2 Ng8 15. g4 a6 16. a4 Rb8 17. Qc2 Kh8 18. Bd3 e5 19. Kg2 g5 20. Rh1 f6 21. Nf1 Ne7 22. Ng3 Ng6 23. Nf5 Kg8 24. f3 Ne7 25. Rhb1 Nxf5 1/2-1/2

[Event "Riazan-ch"]
[Site "Riazan"]
[Date "2009.03.??"]
[Round "?"]
[White "Fomin, Vladimir Aleksander"]
[Black "Lunin, Egor"]
[Result "1/2-1/2"]
[WhiteElo "2198"]
[BlackElo "2025"]
[PlyCount "48"]
[EventDate "2009.03.??"]
[EventType "swiss"]
[EventRounds "13"]
[EventCountry "RUS"]
[SourceTitle "EXT 2010"]
[Source "ChessBase"]
[SourceDate "2010.11.25"]
[SourceVersion "1"]
[SourceVersionDate "2010.11.25"]
[SourceQuality "1"]

1. d4 Nf6 2. c4 e6 3. Nf3 b6 4. g3 Bb7 5. Bg2 Be7 6. 0-0 0-0 7. Nc3 Ne4 8. Qc2 Nxc3 9. Qxc3 Bf6 10. b3 c5 11. Bb2 Nc6 12. Qd2 Nxd4 13. Nxd4 Bxg2 14. Kxg2 cxd4 15. Bxd4 Bxd4 16. Qxd4 Qe7 17. Rfd1 Rfd8 18. Qd6 Qxd6 19. Rxd6 Kf8 20. Rad1 Ke7 21. e4 Rac8 22. f4 Rc6 23. Rxc6 dxc6 24. Rxd8 Kxd8 1/2-1/2

[Event "Riazan-ch"]
[Site "Riazan"]
[Date "2009.03.??"]
[Round "?"]
[White "Juzbashev, Vladimir"]
[Black "Lunin, Egor"]
[Result "1/2-1/2"]
[WhiteElo "2087"]
[BlackElo "2025"]
[PlyCount "57"]
[EventDate "2009.03.??"]
[EventType "swiss"]
[EventRounds "13"]
[EventCountry "RUS"]
[SourceTitle "EXT 2010"]
[Source "ChessBase"]
[SourceDate "2010.11.25"]
[SourceVersion "1"]
[SourceVersionDate "2010.11.25"]
[SourceQuality "1"]

1. d4 d6 2. Nf3 g6 3. c4 Bg7 4. Nc3 Na6 5. e4 Nf6 6. Be2 0-0 7. 0-0 c5 8. d5 Nc7 9. Bf4 Ng4 10. h3 Ne5 11. Be3 b6 12. Qd2 Ne8 13. Nxe5 Bxe5 14. Bh6 Bg7 15. Bxg7 Nxg7 16. f4 f6 17. Rae1 a6 18. Bd3 Bd7 19. e5 fxe5 20. fxe5 Bf5 21. Bxf5 Nxf5 22. exd6 exd6 23. Re6 Qd7 24. Rfe1 Rae8 25. g4 Ng7 26. Rxe8 Rxe8 27. Rxe8+ Qxe8 28. Qe2 Qxe2 29. Nxe2 1/2-1/2

[Event "Riazan-ch"]
[Site "Riazan"]
[Date "2009.03.??"]
[Round "?"]
[White "Lunin, Egor"]
[Black "Lukjanovas, Vladas"]
[Result "0-1"]
[WhiteElo "2025"]
[BlackElo "2169"]
[PlyCount "78"]
[EventDate "2009.03.??"]
[EventType "swiss"]
[EventRounds "13"]
[EventCountry "RUS"]
[SourceTitle "EXT 2010"]
[Source "ChessBase"]
[SourceDate "2010.11.25"]
[SourceVersion "1"]
[SourceVersionDate "2010.11.25"]
[SourceQuality "1"]

1. d4 d5 2. Nf3 Nf6 3. Nbd2 Bf5 4. e3 c6 5. c4 e6 6. Ne5 Nbd7 7. f4 Nxe5 8. fxe5 Ne4 9. g3 Nxd2 10. Bxd2 Be4 11. Rg1 Be7 12. Qb3 0-0 13. Bd3 dxc4 14. Qxc4 b5 15. Qc2 Bxd3 16. Qxd3 c5 17. Qe4 Qb6 18. a3 Rac8 19. Rd1 a5 20. Rg2 f6 21. exf6 Bxf6 22. Bc3 c4 23. d5 Bxc3+ 24. bxc3 exd5 25. Qxd5+ Kh8 26. Rd4 Qf6 27. Kd2 Qf1 28. Re2 Qb1 29. Qe4 Qb2+ 30. Qc2 Qxa3 31. e4 Rcd8 32. e5 Qc5 33. Qe4 b4 34. Rxd8 Rxd8+ 35. Kc2 b3+ 36. Kb2 a4 37. Qe3 a3+ 38. Kc1 Qxe3+ 39. Rxe3 a2 0-1

[Event "Riazan-ch"]
[Site "Riazan"]
[Date "2009.03.??"]
[Round "?"]
[White "Lunin, Egor"]
[Black "Madorsky, Felix"]
[Result "1-0"]
[WhiteElo "2025"]
[BlackElo "2096"]
[PlyCount "67"]
[EventDate "2009.03.??"]
[EventType "swiss"]
[EventRounds "13"]
[EventCountry "RUS"]
[SourceTitle "EXT 2010"]
[Source "ChessBase"]
[SourceDate "2010.11.25"]
[SourceVersion "1"]
[SourceVersionDate "2010.11.25"]
[SourceQuality "1"]

1. d4 Nf6 2. Nf3 e6 3. e3 b6 4. c4 Bb7 5. Nbd2 Be7 6. Bd3 d5 7. b3 Nbd7 8. Bb2 0-0 9. 0-0 Ne4 10. Rc1 f5 11. Ne5 Nxe5 12. dxe5 c5 13. Be2 Qe8 14. f3 Nxd2 15. Qxd2 Rd8 16. Qe1 f4 17. exf4 Rxf4 18. Qg3 Qf7 19. Rcd1 d4 20. Bc1 Rh4 21. Bg5 Rh5 22. f4 Rxg5 23. fxg5 Qg6 24. h4 Be4 25. Bd3 Bxd3 26. Qxd3 Qh5 27. Qh3 Qg6 28. Qd3 Qh5 29. g3 h6 30. Qf3 Qxf3 31. Rxf3 hxg5 32. h5 g6 33. hxg6 Kg7 34. Rf7+ 1-0